000 00575cab a2200229 4500
001 X2677
008 090401t1991 xxu||||| |||| 00| 0 eng d
035 _a(Sirsi) u25753
041 _aeng
100 _aRobinson, C.R.
245 _aMansard plc - a case study in recovery
260 _c1991
350 _a0
490 _aJournal of Property Finance
_v2(1) Summer 1991, 25-30(4)
650 _aASSET VALUES
650 _aCASH FLOW
650 _aCONSTRUCTION COMPANIES
650 _aMANSARD PLC
690 _aBUILT ENVIRONMENT
942 _n0
948 _c04/03/1997
999 _c17307
_d17307